|
|
|
|
| LEADER |
00000naa2a2200000 4500 |
| 001 |
591120 |
| 005 |
20231102022343.0 |
| 035 |
|
|
|a (RuTPU)RU\TPU\tpu\1098
|
| 035 |
|
|
|a TPU00001098
|
| 090 |
|
|
|a 591120
|
| 100 |
|
|
|a 20011210a1964 k y0rusy50 ca
|
| 101 |
0 |
|
|a rus
|
| 102 |
|
|
|a RU
|
| 200 |
1 |
|
|a Влияние синхротронного излучения электронов на состояние ориентации их спина
|f И. М. Тернов, В. Г. Багров, Р. А. Рзаев
|
| 320 |
|
|
|a Библиогр.: 11 назв.
|
| 461 |
|
1 |
|0 (RuTPU)RU\TPU\prd\1396
|x 0201-7385
|x 0579-9392
|t Вестник Московского университета
|h Сер. 3
|i Физика. Астрономия
|o научный журнал
|f Московский государственный университет им. М. В. Ломоносова (МГУ)
|d 1963-2013, 2016-2017
|
| 463 |
|
1 |
|0 (RuTPU)RU\TPU\prd\141633
|t № 4
|v С. 62-70
|d 1964
|
| 610 |
1 |
|
|a физика
|
| 610 |
1 |
|
|a электроны
|
| 610 |
1 |
|
|a синхротронное излучение
|
| 610 |
1 |
|
|a спины
|
| 610 |
1 |
|
|a труды учёных ТПУ
|
| 700 |
|
1 |
|a Тернов
|b И. М.
|c физик-теоретик
|c доктор физико-математических наук, профессор, проректор МГУ
|f 1921-1996
|g Игорь Михайлович
|2 stltpush
|3 (RuTPU)RU\TPU\pers\44260
|9 21789
|
| 701 |
|
1 |
|a Багров
|b В. Г.
|c физик
|c профессор Томского государственного университета
|f 1938-
|g Владислав Гаврилович
|2 stltpush
|3 (RuTPU)RU\TPU\pers\19767
|
| 701 |
|
1 |
|a Рзаев
|b Р. А.
|
| 801 |
|
0 |
|a RU
|b 63413507
|c 20011210
|g PSBO
|
| 801 |
|
2 |
|a RU
|b 63413507
|c 20221208
|g PSBO
|
| 942 |
|
|
|c BK
|